| Tag |
First Indicator |
Second Indicator |
Subfields |
| LEADER |
00000cam a22000008i 4500 |
| 001 |
in00000041289 |
| 005 |
20151007072530.0 |
| 008 |
790402s1979 lau s00110 eng |
| 010 |
|
|
|a 79014573
|
| 020 |
|
|
|a 0807105767 :
|c $9.95
|
| 035 |
|
|
|a (OCoLC)04883558
|
| 035 |
|
|
|9 AAE8051AM
|
| 040 |
|
|
|a DLC
|c DLC
|d TXA
|d UtOrBLW
|
| 049 |
|
|
|a TXAM
|c [1405788]
|
| 050 |
0 |
0 |
|a PS1888
|b .W35
|
| 082 |
0 |
|
|a 813/.3
|
| 100 |
1 |
|
|a Waggoner, Hyatt Howe.
|
| 245 |
1 |
4 |
|a The presence of Hawthorne /
|c Hyatt H. Waggoner.
|
| 263 |
|
|
|a 7911
|
| 264 |
|
1 |
|a Baton Rouge :
|b Louisiana State University Press,
|c [1979]
|
| 264 |
|
4 |
|c ©1979
|
| 300 |
|
|
|a xi, 166 pages ;
|c 23 cm.
|
| 336 |
|
|
|a text
|b txt
|2 rdacontent
|
| 337 |
|
|
|a unmediated
|b n
|2 rdamedia
|
| 338 |
|
|
|a volume
|b nc
|2 rdacarrier
|
| 500 |
|
|
|a Includes index.
|
| 600 |
1 |
0 |
|a Hawthorne, Nathaniel,
|d 1804-1864
|x Criticism and interpretation.
|
| 999 |
|
|
|a MARS
|
| 999 |
f |
f |
|s 4eb904c9-ae66-365a-b834-f0c850e7bb0a
|i ae5a6039-8755-3ab0-8cae-3b790652cf2f
|t 0
|
| 952 |
f |
f |
|p ric
|a Texas A&M University
|b Rellis Campus
|c Joint Library Facility
|d Remote Storage
|t 0
|e PS1888 .W35
|h Library of Congress classification
|i unmediated -- volume
|m A14804057103
|
| 998 |
f |
f |
|a PS1888 .W35
|t 0
|l Remote Storage
|